| 000 | 00940nas a2200277 4500 | ||
|---|---|---|---|
| 001 | BR9701859 | ||
| 003 | BR-BrBNA | ||
| 005 | 20231205100125.0 | ||
| 007 | ta | ||
| 008 | 230509b bl.|||p| |||| 00| 00por d | ||
| 040 |
_aBR-BrBNA _bpor _cBiblioteca Nacional de Agricultura |
||
| 041 | _a(Pt) | ||
| 072 | _aL02 | ||
| 100 | 1 | _aCorreia, E. de S. | |
| 100 | 1 | _aGomes, S.Z. | |
| 245 | 1 | _aEfeito da substituicao do milho por mandioca desidratada no crescimento, conversao alimentar e taxa de sobrevivencia do camarao da Malasia (Macrobrachium rosenbergii (De Man, 1879) | |
| 650 | _aCamarao | ||
| 650 | _aMandioca | ||
| 650 | _aCrescimento | ||
| 650 | _aConsumo Alimentar | ||
| 650 | _aDieta | ||
| 650 | _aAlimento Desidratado | ||
| 773 | 0 |
_tRevista da Sociedade Brasileira de Zootecnia (Brazil) _xISSN 0100-4859 _g(Jul-Aug 1996), v. 25(4) p. 583-594 _wBR9701859 |
|
| 909 |
_a202311 _bLúcia _c55 _dLúcia Elande |
||
| 942 |
_2AGRIS _n0 _cANA |
||
| 999 |
_c154417 _d154417 |
||